000 00419 a2200145 4500
999 _c12008
_d12008
003 OSt
005 20240110133313.0
008 240110b ||||| |||| 00| 0 eng d
020 _a9780727730398
082 _a745.2
100 _aSimon Austin; A Baldwin; John Hammond; M Murray; D Root
245 _aDesign Chains: a Handbook for Integrated Collaborative Design
260 _bThomas Telford Ltd
_c2001
942 _2ddc